| Tag |
First Indicator |
Second Indicator |
Subfields |
| LEADER |
00000cam a22000004i 4500 |
| 001 |
in00004068898 |
| 006 |
m o d |
| 007 |
cr cn||||||||| |
| 008 |
150825t20152015ncu ob 001 0 eng d |
| 005 |
20250816210827.8 |
| 020 |
|
|
|a 9780822374930
|q (electronic bk.)
|
| 020 |
|
|
|a 0822374935
|q (electronic bk.)
|
| 020 |
|
|
|z 9780822359876
|q (hardcover ;
|q alk. paper)
|
| 020 |
|
|
|z 0822359871
|q (hardcover ;
|q alk. paper)
|
| 020 |
|
|
|z 9780822360131
|q (pbk. ;
|q alk. paper)
|
| 020 |
|
|
|z 0822360136
|q (pbk. ;
|q alk. paper)
|
| 024 |
8 |
|
|a 99981357226
|
| 035 |
|
|
|a (NhCcYBP)ebc4412757
|
| 040 |
|
|
|a NhCcYBP
|c NhCcYBP
|d UtOrBLW
|
| 050 |
|
4 |
|a BT741.3
|b .R58 2015
|
| 072 |
|
7 |
|a REL
|x 067020
|2 bisacsh
|
| 082 |
0 |
4 |
|a 233.5
|2 23
|
| 100 |
1 |
|
|a Rivera, Mayra,
|e author.
|0 http://id.loc.gov/authorities/names/n2004100775
|
| 245 |
1 |
0 |
|a Poetics of the flesh /
|c Mayra Rivera.
|
| 264 |
|
1 |
|a Durham :
|b Duke University Press,
|c [2015]
|
| 264 |
|
4 |
|c ©2015
|
| 300 |
|
|
|a 1 online resource.
|
| 336 |
|
|
|a text
|b txt
|2 rdacontent
|
| 337 |
|
|
|a computer
|b c
|2 rdamedia
|
| 338 |
|
|
|a online resource
|b cr
|2 rdacarrier
|
| 504 |
|
|
|a Includes bibliographical references and index.
|
| 505 |
0 |
|
|a Introduction : both flesh and not -- Becoming flesh : the Gospel of John -- Abandoning flesh : the Letters of Paul -- Embracing flesh : Tertullian -- Incarnate philosophy -- The ends of flesh -- Inescapable bodies -- Materializing relations.
|
| 588 |
0 |
|
|a Print version record.
|
| 500 |
|
|
|a Electronic resource.
|
| 650 |
|
0 |
|a Flesh (Theology)
|0 http://id.loc.gov/authorities/subjects/sh85049084
|
| 650 |
|
0 |
|a Human body
|x Religious aspects
|x Christianity.
|0 http://id.loc.gov/authorities/subjects/sh2007102074
|
| 650 |
|
0 |
|a Human body (Philosophy)
|0 http://id.loc.gov/authorities/subjects/sh85015235
|
| 650 |
|
0 |
|a Christian philosophy.
|0 http://id.loc.gov/authorities/subjects/sh2006001357
|
| 655 |
|
7 |
|a Electronic books.
|2 local
|
| 710 |
2 |
|
|a ProQuest (Firm)
|0 http://id.loc.gov/authorities/names/n2007068018
|
| 776 |
1 |
8 |
|i Print version:
|a Rivera, Mayra.
|t Poetics of the flesh.
|d Durham : Duke University Press, 2015
|z 9780822359876
|z 9780822360131
|w (DLC) 2015015083
|
| 856 |
4 |
0 |
|u https://ebookcentral.proquest.com/lib/tamucs/detail.action?docID=4412757
|z Connect to the full text of this electronic book
|t 0
|
| 955 |
|
|
|a YBP purchased firm e-records
|
| 980 |
|
|
|b 147.17
|g 1
|
| 987 |
|
|
|a ybp12356093
|
| 999 |
f |
f |
|s db4e554d-8516-3f3d-a1d4-6daf9df4e31e
|i 9aa67058-a389-3c39-972f-fdba16a087f8
|t 0
|
| 952 |
f |
f |
|a Texas A&M University
|b College Station
|c Electronic Resources
|d Available Online
|t 0
|e BT741.3 .R58 2015
|h Library of Congress classification
|
| 998 |
f |
f |
|a BT741.3 .R58 2015
|t 0
|l Available Online
|